Miracle lives of China / (Record no. 43001)
[ view plain ]
| 000 -LEADER | |
|---|---|
| fixed length control field | 00715cam a22002411 4500 |
| 001 - CONTROL NUMBER | |
| control field | 5493064 |
| 005 - DATE AND TIME OF LATEST TRANSACTION | |
| control field | 20180903063541.0 |
| 008 - FIXED-LENGTH DATA ELEMENTS--GENERAL INFORMATION | |
| fixed length control field | 740618s1931 xx 000 0 eng u |
| 035 ## - SYSTEM CONTROL NUMBER | |
| System control number | (Sirsi) a2084259 |
| 035 ## - SYSTEM CONTROL NUMBER | |
| System control number | (OCoLC)921014 |
| 040 ## - CATALOGING SOURCE | |
| Modifying agency | UtOrBLW |
| 100 1# - MAIN ENTRY--PERSONAL NAME | |
| Personal name | Goforth, Jonathan, |
| Dates associated with a name | 1859-1936. |
| 245 10 - TITLE STATEMENT | |
| Title | Miracle lives of China / |
| Statement of responsibility, etc | by Jonathan and Rosalind Goforth. |
| 260 ## - PUBLICATION, DISTRIBUTION, ETC. (IMPRINT) | |
| Place of publication, distribution, etc | Grand Rapids, Mich. : |
| Name of publisher, distributor, etc | Zondervan Pub. House, |
| Date of publication, distribution, etc | [1931]. |
| 300 ## - PHYSICAL DESCRIPTION | |
| Extent | x, 157 p. ; |
| Dimensions | 20 cm. |
| 336 ## - CONTENT TYPE | |
| Content Type Term | text |
| 337 ## - MEDIA TYPE | |
| Media Type Term | unmediated |
| 338 ## - CARRIER TYPE | |
| Carrier Type Term | volume |
| 650 #0 - SUBJECT ADDED ENTRY--TOPICAL TERM | |
| Topical term or geographic name as entry element | Missions |
| Geographic subdivision | China. |
| 700 1# - ADDED ENTRY--PERSONAL NAME | |
| Personal name | Goforth, Rosalind (Bellsmith), |
| Dates associated with a name | 1864-1942. |
| 942 ## - ADDED ENTRY ELEMENTS (KOHA) | |
| Source of classification or shelving scheme | Library of Congress Classification |
| Item type | Books |
| Withdrawn status | Lost status | Source of classification or shelving scheme | Damaged status | Not for loan | Home library | Current library | Shelving location | Date acquired | Source of acquisition | Inventory number | Total Checkouts | Full call number | Barcode | Date last seen | Price effective from | Koha item type |
|---|---|---|---|---|---|---|---|---|---|---|---|---|---|---|---|---|
| Library of Congress Classification | BSOP Library | BSOP Library | Special Collections Chinese | 09/03/2018 | Donation by Drs. George and Anne Harper | 42475 | BV3415 G55 | 00053475 | 09/03/2018 | 09/03/2018 | Books |
